000 00314nam a22001337a 4500
008 170801b xxu||||| |||| 00| 0 eng d
020 _a9780495597667
041 _aeng
080 _a004
100 _a32
101 _aSHK
245 _aA SIMPLE GUIDE TO SPSS FOR VERSION 16.0
_cKIRKPATRICK,L.A
942 _2udc
_cBK
999 _c22370
_d22370